000 00316nam a2200133Ia 4500
008 191201s2013 xx 000 0 und d
082 _a658.083
_bJAB
100 _aJAIN,T R
245 0 _aBusiness Statistics BBA II
260 _aN. delhi
_bV K Enterprises
_c2013
300 _aMISC
650 _aBBA
942 _2ddc
_cBK
999 _c5729
_d5729